Madrid y nuestro siglo (Record no. 160529)

MARC details
000 -LEADER
campo de control de longitud fija 00653nam a2200193 i 4500
001 - NÚMERO DE CONTROL
campo de control 160529
003 - IDENTIFICADOR DE NÚMERO DE CONTROL
campo de control ES-MaACL
005 - FECHA Y HORA DE LA ÚLTIMA TRANSACCIÓN
campo de control 20250524063056.0
008 - DATOS DE LONGITUD FIJA--INFORMACIÓN GENERAL
campo de control de longitud fija 940301m18451846sp |||| | spa d
040 ## - FUENTE DE CATALOGACIÓN
Centro catalogador/agencia de origen CAM
Lengua de catalogación spa
080 ## - NÚMERO DE LA CLASIFICACIÓN DECIMAL UNIVERSAL
Número de la Clasificación Decimal Universal 821.134.2-31"18"
100 1# - ENTRADA PRINCIPAL--NOMBRE DE PERSONA
Nombre de persona Navarrete, Ramón de,
Fechas asociadas al nombre 1818-1897
9 (RLIN) 85042
245 10 - MENCIÓN DEL TÍTULO
Título Madrid y nuestro siglo
Resto del título : novela /
Mención de responsabilidad, etc. por Ramón de Navarrete.
260 ## - PUBLICACIÓN, DISTRIBUCIÓN, ETC.
Lugar de publicación, distribución, etc. Madrid :
Nombre del editor, distribuidor, etc. [s.n.],
Fecha de publicación, distribución, etc. 1845-1846 (
Fabricante V. de Jordán e Hijos)
300 ## - DESCRIPCIÓN FÍSICA
Extensión 4 v. ;
Dimensiones 18 cm.
597 ## - NOTA DE DESCRIPCIÓN FÍSICA
NOTA DE DESCRIPCIÓN FÍSICA T. I (246 p.) -- t. II (208 p.) -- t. III (215 p.) -- t. IV (319 p.)
852 ## - LOCALIZACIÓN
Ubicación ES-MaACL
Número de control de estantería D-328-31
Nota libre -- Enc. hol.
Holdings
Estatus retirado Estado de pérdida Estado de daño No para préstamo Colección Biblioteca de origen Biblioteca actual Ubicación en estantería Fecha de adquisición Total de préstamos Signatura topográfica completa Código de barras Visto por última vez Precio de reemplazo Tipo de ítem Koha
        Libros del s. XIX Biblioteca del Ateneo de Madrid Biblioteca del Ateneo de Madrid Sala Valle Inclán 17/01/2008   D-328-31 901168085 23/02/2023 23/02/2023 Libro impreso antiguo